[Event "Innsbruck op-B 2nd"]
[Site "Innsbruck"]
[Date "2018.09.01"]
[Round "9"]
[White "Nat, Victor"]
[Black "Schett, Franz"]
[Result "0-1"]
[WhiteElo "1441"]
[BlackElo "1752"]
[PlyCount "101"]
[EventDate "2018.08.24"]
[EventType "swiss"]
[EventRounds "9"]
[EventCountry "AUT"]
[SourceTitle "CBM 186 Extra"]
[Source "ChessBase"]
[SourceDate "2018.08.24"]
[SourceVersion "1"]
[SourceVersionDate "2018.08.24"]
[SourceQuality "1"]

1. e4 c5 2. Nf3 d6 3. d4 cxd4 4. Nxd4 a6 5. Nc3 e6 6. Be3 Nc6 7. Qd2 Nf6 8. f3 Be7 9. g4 Qc7 10. 0-0-0 Ne5 11. g5 Nfd7 12. f4 Nc4 13. Bxc4 Qxc4 14. Nf3 b5 15. Rhf1 b4 16. Qe2 Qc6 17. Nb1 a5 18. Nbd2 Ba6 19. Qf2 Bxf1 20. Qxf1 Rc8 21. Nd4 Qc7 22. Qd3 0-0 23. Kb1 Nc5 24. Qc4 Qb7 25. N4b3 Qa8 26. Nxc5 dxc5 27. h4 a4 28. Rg1 Qc6 29. f5 exf5 30. exf5 Rfe8 31. g6 hxg6 32. fxg6 Qe6 33. gxf7+ Qxf7 34. Bh6 Bf6 35. Qg4 Qe6 36. Qg3 Qe5 37. Qxe5 Rxe5 38. Nc4 Rh5 39. Bg5 Bxg5 40. hxg5 Rd8 41. b3 a3 42. Kc1 Rd5 43. g6 Rhg5 44. Rf1 Rxg6 45. Ne3 Rdg5 46. Nf5 Rf6 47. Ne7+ Kf7 48. Rxf6+ gxf6 49. Nc8 Ke6 50. Nb6 Rg1+ 51. Kd2 0-1

[Event "Innsbruck op-B 2nd"]
[Site "Innsbruck"]
[Date "2018.08.26"]
[Round "3"]
[White "Schett, Franz"]
[Black "Wischounig, Laurin"]
[Result "0-1"]
[WhiteElo "1752"]
[BlackElo "1900"]
[PlyCount "76"]
[EventDate "2018.08.24"]
[EventType "swiss"]
[EventRounds "9"]
[EventCountry "AUT"]
[SourceTitle "CBM 186 Extra"]
[Source "ChessBase"]
[SourceDate "2018.08.24"]
[SourceVersion "1"]
[SourceVersionDate "2018.08.24"]
[SourceQuality "1"]

1. e4 e5 2. Nf3 Nc6 3. c3 Nf6 4. d3 d5 5. Qc2 Bc5 6. h3 Be6 7. Be2 h6 8. Nbd2 0-0 9. Nf1 Nd7 10. Ne3 d4 11. Nf5 Bxf5 12. exf5 Qf6 13. g4 Rfe8 14. b4 Bb6 15. b5 Ne7 16. c4 Nc5 17. Nd2 e4 18. Bb2 exd3 19. Bxd3 Nd5+ 20. Be4 Nb4 21. Qb1 Nbd3+ 22. Kf1 Nxb2 23. Bd5 Nbd3 24. a4 Re1+ 25. Qxe1 Nxe1 26. Kxe1 Re8+ 27. Kf1 c6 28. bxc6 bxc6 29. Bg2 Ba5 30. Nf3 d3 31. Rd1 Qc3 32. Kg1 Qxc4 33. g5 hxg5 34. Nxg5 d2 35. Bxc6 Re1+ 36. Kg2 Nd3 37. Bf3 Qh4 38. Rxd2 Qxg5+ 0-1

[Event "Innsbruck op-B 1st"]
[Site "Innsbruck"]
[Date "2017.09.02"]
[Round "9"]
[White "Rantner, Otto"]
[Black "Schett, Franz"]
[Result "1-0"]
[WhiteElo "1918"]
[BlackElo "1732"]
[PlyCount "153"]
[EventDate "2017.08.25"]
[EventType "swiss"]
[EventRounds "9"]
[EventCountry "AUT"]
[SourceTitle "CBM 180 Extra"]
[Source "ChessBase"]
[SourceDate "2017.10.06"]
[SourceVersion "1"]
[SourceVersionDate "2017.10.06"]
[SourceQuality "1"]

1. d4 d5 2. c4 c6 3. cxd5 cxd5 4. Nc3 e6 5. Bf4 Nd7 6. e3 a6 7. Bd3 Ngf6 8. Nf3 g6 9. h3 Bg7 10. Bd6 b5 11. 0-0 Nb6 12. Bb4 Bb7 13. Qe2 Ne4 14. Rac1 Nd6 15. e4 dxe4 16. Nxe4 Nxe4 17. Bxe4 Nd5 18. Bc5 Rc8 19. Rfe1 Bf6 20. Nh2 Nf4 21. Qe3 Bxe4 22. Qxe4 Nd5 23. Ng4 Bg7 24. Ne3 Nf6 25. Qb7 Ra8 26. Bb6 Qb8 27. Qc6+ Nd7 28. Nd5 0-0 29. Bc7 Qe8 30. Bd6 Nf6 31. Nxf6+ Bxf6 32. Bxf8 Qxf8 33. Red1 Kg7 34. b3 b4 35. Qc5 Qb8 36. Rc4 a5 37. d5 exd5 38. Rxd5 Qe8 39. Qe3 Qf8 40. Rc7 Re8 41. Qd2 Bc3 42. Rxc3 bxc3 43. Qxc3+ Kg8 44. Qxa5 Qg7 45. Qd2 Qa1+ 46. Kh2 h5 47. h4 Qf6 48. g3 Qf3 49. Rd8 Rxd8 50. Qxd8+ Kh7 51. Qd2 f6 52. Qe3 Qf5 53. a4 g5 54. hxg5 fxg5 55. b4 h4 56. gxh4 gxh4 57. Qe7+ Kg6 58. Qxh4 Qd5 59. a5 Qb5 60. Qg4+ Kf7 61. Kg3 Ke8 62. Qc8+ Kf7 63. Qc5 Qd3+ 64. f3 Qg6+ 65. Kf2 Qd3 66. Qc7+ Ke8 67. Qc8+ Kf7 68. Qb7+ Kf6 69. Qc6+ Kg5 70. Qc1+ Kf5 71. Qe3 Qc2+ 72. Qe2 Qc7 73. a6 Qb6+ 74. Kf1 Qa7 75. b5 Qc7 76. Qe4+ Kf6 77. Qc6+ 1-0

[Event "Vienna Husek op-B"]
[Site "Vienna"]
[Date "2012.08.18"]
[Round "6"]
[White "Posch, Thomas"]
[Black "Schett, Franz"]
[Result "0-1"]
[WhiteElo "1676"]
[BlackElo "1846"]
[PlyCount "70"]
[EventDate "2012.08.13"]
[EventType "swiss"]
[EventRounds "7"]
[EventCountry "AUT"]
[SourceTitle "EXT 2014"]
[Source "ChessBase"]
[SourceDate "2013.11.20"]
[SourceVersion "1"]
[SourceVersionDate "2013.11.20"]
[SourceQuality "1"]

1. e4 c5 2. Nc3 a6 3. g3 Nc6 4. Bg2 e6 5. d3 Be7 6. Be3 d6 7. Nge2 Nf6 8. h3 Nd4 9. Nxd4 cxd4 10. Bxd4 0-0 11. 0-0 e5 12. Be3 b5 13. Qd2 Be6 14. a4 b4 15. Ne2 a5 16. f4 Qc7 17. c3 Rab8 18. c4 Bd7 19. b3 Ne8 20. f5 f6 21. g4 g5 22. fxg6 hxg6 23. Bh6 Rf7 24. Be3 Rh7 25. Rf3 Ng7 26. Rg3 Rf8 27. Rf1 Ne6 28. Nc1 g5 29. Qf2 Bd8 30. Rf3 Nf4 31. Kh2 Kg7 32. d4 Bxg4 33. Rg3 Be7 34. dxe5 dxe5 35. Kg1 Bxh3 0-1

[Event "Vienna Husek op-B"]
[Site "Vienna"]
[Date "2012.08.15"]
[Round "3"]
[White "Schett, Franz"]
[Black "Veitsch, Norbert"]
[Result "1-0"]
[WhiteElo "1846"]
[BlackElo "1623"]
[PlyCount "97"]
[EventDate "2012.08.13"]
[EventType "swiss"]
[EventRounds "7"]
[EventCountry "AUT"]
[SourceTitle "EXT 2014"]
[Source "ChessBase"]
[SourceDate "2013.11.20"]
[SourceVersion "1"]
[SourceVersionDate "2013.11.20"]
[SourceQuality "1"]

1. e4 c5 2. Nf3 Nc6 3. Nc3 d6 4. d4 cxd4 5. Nxd4 a6 6. Be3 Nf6 7. h3 g6 8. Be2 Bg7 9. 0-0 0-0 10. Qd2 Qc7 11. f4 e5 12. Nxc6 bxc6 13. f5 Bb7 14. fxg6 hxg6 15. Rf2 d5 16. exd5 cxd5 17. Bg5 Nh7 18. Bh4 d4 19. Na4 e4 20. Qb4 e3 21. Rf3 Bxf3 22. Bxf3 Rab8 23. Qc5 Qxc5 24. Nxc5 Rxb2 25. Be4 Rc8 26. Nxa6 Nf6 27. Bd3 Nd5 28. a4 Rc6 29. Rc1 Nf4 30. Bb5 Rcxc2 31. Rxc2 Rxc2 32. Nb4 Rxg2+ 33. Kh1 Rb2 34. Nd3 Rb1+ 35. Kh2 Nxd3 36. Bxd3 Be5+ 37. Kg2 Rb3 38. Bc4 Rc3 39. Bb5 Bc7 40. Be1 Rc1 41. Bb4 Rb1 42. Bc5 Be5 43. Bd3 Rc1 44. Bb6 Rc3 45. Bb5 f5 46. a5 Rb3 47. Bc4+ Kg7 48. Bxb3 f4 49. Bc4 1-0

[Event "Seefeld op 20th"]
[Site "Seefeld"]
[Date "2009.09.24"]
[Round "1"]
[White "Schett, Franz"]
[Black "Ranker, Klemens"]
[Result "1/2-1/2"]
[WhiteElo "1663"]
[BlackElo "1982"]
[PlyCount "50"]
[EventDate "2009.09.24"]
[EventType "swiss"]
[EventRounds "9"]
[EventCountry "AUT"]
[SourceTitle "EXT 2012"]
[Source "ChessBase"]
[SourceDate "2011.11.24"]
[SourceVersion "1"]
[SourceVersionDate "2011.11.24"]
[SourceQuality "1"]

1. e4 c5 2. Nf3 Nc6 3. d4 cxd4 4. Nxd4 e6 5. Be2 g6 6. 0-0 Bg7 7. c3 Nf6 8. Nd2 0-0 9. Kh1 e5 10. Nc2 d5 11. Bf3 d4 12. cxd4 Nxd4 13. Nxd4 Qxd4 14. Qe2 Bd7 15. Nb3 Qb4 16. Bd2 Qe7 17. Rac1 Rfc8 18. Be3 b6 19. Rfd1 Rxc1 20. Rxc1 Bc8 21. h3 Bb7 22. Nd2 Rd8 23. g4 Ne8 24. Bg2 Qb4 25. b3 Qe7 1/2-1/2

[Event "Tirol-ch 20th"]
[Site "Hall im Tirol "]
[Date "2009.07.01"]
[Round "5"]
[White "Schett, Franz"]
[Black "Schnegg, Anna Lena"]
[Result "0-1"]
[WhiteElo "1899"]
[BlackElo "1814"]
[PlyCount "96"]
[EventDate "2009.06.27"]
[EventType "swiss"]
[EventRounds "7"]
[EventCountry "AUT"]
[SourceTitle "EXT 2011"]
[Source "ChessBase"]
[SourceDate "2010.11.26"]
[SourceVersion "1"]
[SourceVersionDate "2010.11.26"]
[SourceQuality "1"]

1. e4 Nf6 2. e5 Nd5 3. d4 d6 4. c4 Nb6 5. Bf4 dxe5 6. Bxe5 Nc6 7. Nf3 Bg4 8. Nc3 Bxf3 9. Qxf3 f6 10. c5 Nd7 11. Bd3 Ndxe5 12. dxe5 Nxe5 13. Qh5+ g6 14. Bxg6+ Nxg6 15. Rd1 Qc8 16. 0-0 Bg7 17. f4 0-0 18. Rd3 e5 19. Rh3 exf4 20. Qxh7+ Kf7 21. Rh6 Qf5 22. Rxf4 Qxf4 23. Qxg6+ Kg8 24. Qh7+ Kf7 25. Qg6+ Ke6 26. Qxg7 Rg8 27. Qh7 Rh8 28. Qxh8 Rxh8 29. Rxh8 Qc1+ 30. Kf2 Qxb2+ 31. Ne2 Qxa2 32. Rh3 a5 33. Re3+ Kd7 34. g3 Qc4 35. Rc3 Qb4 36. h4 a4 37. h5 Ke7 38. h6 Kf7 39. c6 Qb6+ 40. Kf3 bxc6 41. Nf4 c5 42. Re3 c4 43. h7 Qb7+ 44. Kg4 Qc8+ 45. Kh5 Qf5+ 46. Kh4 Qxh7+ 47. Kg4 Qc2 48. Nd5 Qd1+ 0-1

[Event "Seefeld op 19th"]
[Site "Seefeld"]
[Date "2008.09.07"]
[Round "3"]
[White "Mertens, Klaus"]
[Black "Schett, Franz"]
[Result "1-0"]
[WhiteElo "2075"]
[BlackElo "1943"]
[PlyCount "47"]
[EventDate "2008.09.05"]
[EventType "swiss"]
[EventRounds "9"]
[EventCountry "AUT"]
[SourceTitle "EXT 2010"]
[Source "ChessBase"]
[SourceDate "2010.11.25"]
[SourceVersion "1"]
[SourceVersionDate "2010.11.25"]
[SourceQuality "1"]

1. Nf3 c5 2. c4 Nc6 3. g3 e6 4. Bg2 Be7 5. 0-0 Nf6 6. Nc3 a6 7. d4 cxd4 8. Nxd4 Ne5 9. b3 0-0 10. Bb2 Qc7 11. Rc1 Bc5 12. Na4 Be7 13. c5 Nc6 14. a3 Nxd4 15. Qxd4 d5 16. cxd6 Qxd6 17. Qxd6 Bxd6 18. Rfd1 Be7 19. Nb6 Rd8 20. Rxd8+ Bxd8 21. Nxa8 Bd7 22. Rd1 Nd5 23. Bxd5 exd5 24. Rxd5 1-0

[Event "St Veit op-B 27th"]
[Site "St Veit"]
[Date "2008.07.06"]
[Round "?"]
[White "Schett, Franz"]
[Black "Sommer, Artur"]
[Result "0-1"]
[WhiteElo "1943"]
[BlackElo "1960"]
[PlyCount "47"]
[EventDate "2008.07.05"]
[EventType "swiss"]
[EventRounds "9"]
[EventCountry "AUT"]
[SourceTitle "EXT 2024"]
[Source "ChessBase"]
[SourceDate "2023.10.10"]
[SourceVersion "1"]
[SourceVersionDate "2023.10.10"]
[SourceQuality "1"]

1. e4 c5 2. Nf3 Nc6 3. d4 cxd4 4. Nxd4 Qb6 5. c3 Nf6 6. Nxc6 bxc6 7. Nd2 e5 8. Nc4 Qc7 9. Bd3 d5 10. Nd2 Bd6 11. Qc2 0-0 12. 0-0 a5 13. c4 dxe4 14. Nxe4 Nxe4 15. Bxe4 f5 16. c5 Be7 17. Qc4+ Kh8 18. Bc2 Ba6 19. Qc3 Bxf1 20. Kxf1 e4 21. f4 exf3 22. gxf3 Qxh2 23. Be3 Bf6 24. Bd4 0-1

[Event "Seefeld op 18th"]
[Site "Seefeld"]
[Date "2007.09.07"]
[Round "7"]
[White "Schumacher, Helmut"]
[Black "Schett, Franz"]
[Result "1-0"]
[WhiteElo "2103"]
[BlackElo "1994"]
[PlyCount "109"]
[EventDate "2007.09.01"]
[EventType "swiss"]
[EventRounds "9"]
[EventCountry "AUT"]
[SourceTitle "EXT 2009"]
[Source "ChessBase"]
[SourceDate "2008.11.26"]
[SourceVersion "1"]
[SourceVersionDate "2008.11.26"]
[SourceQuality "1"]

1. d4 d5 2. Nc3 Nf6 3. Bg5 Nbd7 4. Nf3 g6 5. e3 c6 6. Bd3 Bg7 7. 0-0 0-0 8. Re1 Qb6 9. Rb1 Qa5 10. h3 b5 11. b4 Qb6 12. a4 a5 13. axb5 axb4 14. Rxb4 c5 15. Ra4 Bb7 16. Rxa8 Rxa8 17. dxc5 Qxc5 18. Qd2 e5 19. Bxf6 Bxf6 20. e4 d4 21. Nd5 Bd8 22. Qh6 f5 23. exf5 Qxd5 24. fxg6 hxg6 25. Qxg6+ Kf8 26. Be4 Qxb5 27. Qh6+ Ke7 28. Ng5 Bd5 29. Qg7+ Kd6 30. Nf7+ Bxf7 31. Bxa8 Qa5 32. Rb1 Qxa8 33. Qxf7 Qc6 34. Qb3 Nc5 35. Qb8+ Bc7 36. Qf8+ Kd5 37. Qf7+ Ne6 38. Qf5 Nf4 39. Re1 Kc5 40. f3 Nd5 41. Qd3 Nc3 42. Ra1 Qd6 43. Qf5 d3 44. Qxd3 Qd4+ 45. Kf1 e4 46. Qxd4+ Kxd4 47. fxe4 Kxe4 48. Re1+ Kf4 49. g3+ Kf3 50. g4 Bf4 51. Ra1 Kg3 52. Ra3 Bd2 53. g5 Kxh3 54. g6 Kg4 55. g7 1-0

[Event "Seefeld op 18th"]
[Site "Seefeld"]
[Date "2007.09.01"]
[Round "1"]
[White "Breedveld, Carmen"]
[Black "Schett, Franz"]
[Result "0-1"]
[WhiteElo "1289"]
[BlackElo "1994"]
[PlyCount "88"]
[EventDate "2007.09.01"]
[EventType "swiss"]
[EventRounds "9"]
[EventCountry "AUT"]
[SourceTitle "EXT 2009"]
[Source "ChessBase"]
[SourceDate "2008.11.26"]
[SourceVersion "1"]
[SourceVersionDate "2008.11.26"]
[SourceQuality "1"]

1. b3 e6 2. Bb2 Nf6 3. Nf3 c5 4. e3 Nc6 5. Bb5 a6 6. Be2 b5 7. 0-0 Be7 8. a3 0-0 9. Nc3 d5 10. Bd3 e5 11. e4 d4 12. Ne2 Be6 13. c4 bxc4 14. bxc4 Qc7 15. h3 Nh5 16. Ng3 Nf4 17. Be2 d3 18. Bxd3 Nxd3 19. Bc3 Bxc4 20. Qa4 Bb5 21. Qc2 Nf4 22. Rfe1 Bd3 23. Qb2 Nd4 24. Re3 f6 25. Kh2 Rab8 26. Qa2+ Kh8 27. Ne1 c4 28. Bb4 Bc5 29. Kh1 a5 30. Bxc5 Qxc5 31. Nxd3 Nxd3 32. Rb1 Nxf2+ 33. Kh2 Rxb1 34. Qxb1 Nd3 35. a4 Rd8 36. Nh5 Nb3 37. Qd1 Nf4 38. Rg3 Ng6 39. d3 Qd4 40. Qf1 Nd2 41. Qe2 c3 42. Qd1 Qf2 43. Rg4 Rxd3 44. Kh1 Re3 0-1

[Event "Seefeld op 17th"]
[Site "Seefeld"]
[Date "2006.09.25"]
[Round "3"]
[White "Schett, Franz"]
[Black "Kroencke, Manfred"]
[Result "1/2-1/2"]
[WhiteElo "2004"]
[BlackElo "2183"]
[PlyCount "99"]
[EventDate "2006.09.23"]
[EventType "swiss"]
[EventRounds "9"]
[EventCountry "AUT"]
[SourceTitle "EXT 2009"]
[Source "ChessBase"]
[SourceDate "2008.11.26"]
[SourceVersion "1"]
[SourceVersionDate "2008.11.26"]
[SourceQuality "1"]

1. e4 c5 2. Nf3 e6 3. Nc3 Nc6 4. d4 cxd4 5. Nxd4 Qc7 6. Ndb5 Qb8 7. a3 a6 8. Nd4 Qc7 9. Be3 b5 10. Na2 Bb7 11. f3 Nf6 12. Rc1 Na5 13. c3 Rc8 14. Nc2 Be7 15. Be2 Nc4 16. Bxc4 Qxc4 17. Nab4 a5 18. Nd3 d6 19. 0-0 0-0 20. Nd4 Ba6 21. Nf2 b4 22. axb4 Qxf1+ 23. Qxf1 Bxf1 24. Kxf1 axb4 25. Nb5 bxc3 26. bxc3 d5 27. e5 Nd7 28. f4 Rb8 29. Nd4 Rfc8 30. g4 Nc5 31. f5 Nb3 32. Rc2 Nxd4 33. Bxd4 Bc5 34. Rd2 h6 35. h4 Bxd4 36. cxd4 Rc4 37. Ke2 Rbb4 38. Ke3 Rc3+ 39. Nd3 Rb1 40. fxe6 fxe6 41. h5 Re1+ 42. Kf2 Re4 43. Nc5 Rf4+ 44. Ke2 Kf7 45. Ra2 Rxc5 46. dxc5 Rxg4 47. Ra7+ Ke8 48. c6 Kd8 49. Rd7+ Kc8 50. Kd3 1/2-1/2

[Event "Seefeld op 16th"]
[Site "Seefeld"]
[Date "2005.09.24"]
[Round "8"]
[White "Schett, Franz"]
[Black "Pieper, Harald"]
[Result "1/2-1/2"]
[WhiteElo "1997"]
[BlackElo "2094"]
[PlyCount "62"]
[EventDate "2005.09.17"]
[EventType "swiss"]
[EventRounds "9"]
[EventCountry "AUT"]
[SourceTitle "EXT 2007"]
[Source "ChessBase"]
[SourceDate "2006.11.23"]
[SourceVersion "1"]
[SourceVersionDate "2006.11.23"]
[SourceQuality "1"]

1. e4 e5 2. Nf3 Nc6 3. d4 exd4 4. Nxd4 Qh4 5. Nc3 Bb4 6. Qd3 Ne5 7. Qe3 Bxc3+ 8. bxc3 c6 9. Nf5 Qf6 10. Ba3 b6 11. Nd6+ Kd8 12. Nxc8 Kxc8 13. Ba6+ Kc7 14. Rd1 c5 15. Qg3 d6 16. f4 Nc6 17. 0-0 Nge7 18. Rde1 Qg6 19. Qf3 f6 20. Bb2 Rhf8 21. Bd3 Qf7 22. Ra1 g6 23. Qe2 Rae8 24. a4 Na5 25. Bb5 Nec6 26. Qd3 f5 27. Rad1 Qe6 28. e5 dxe5 29. fxe5 Rd8 30. Qh3 h5 31. Bc1 Rxd1 1/2-1/2

[Event "Seefeld op 16th"]
[Site "Seefeld"]
[Date "2005.09.19"]
[Round "3"]
[White "Schett, Franz"]
[Black "Titz, Waldemar"]
[Result "1-0"]
[WhiteElo "1997"]
[BlackElo "1541"]
[PlyCount "65"]
[EventDate "2005.09.17"]
[EventType "swiss"]
[EventRounds "9"]
[EventCountry "AUT"]
[SourceTitle "EXT 2007"]
[Source "ChessBase"]
[SourceDate "2006.11.23"]
[SourceVersion "1"]
[SourceVersionDate "2006.11.23"]
[SourceQuality "1"]

1. e4 d6 2. d4 Nf6 3. Nc3 g6 4. Bd3 Bg7 5. Nge2 c6 6. 0-0 0-0 7. h3 Nbd7 8. f4 e5 9. dxe5 dxe5 10. f5 Nc5 11. fxg6 fxg6 12. Be3 Nxd3 13. cxd3 Be6 14. Qc2 Nd7 15. b4 Qe7 16. b5 Rxf1+ 17. Rxf1 c5 18. a4 b6 19. Nd5 Qd6 20. Nec3 Rf8 21. Ra1 Nf6 22. Nxf6+ Bxf6 23. a5 Bd8 24. axb6 Bxb6 25. Na4 Rc8 26. Nxb6 axb6 27. Ra6 Qd8 28. Bh6 c4 29. dxc4 Rxc4 30. Qf2 Bf7 31. Rxb6 Qd1+ 32. Kh2 Rc8 33. Qf6 1-0

[Event "Seefeld op 15th"]
[Site "Seefeld"]
[Date "2004.09.21"]
[Round "4"]
[White "Schett, Franz"]
[Black "Platzgummer, Peter"]
[Result "1-0"]
[WhiteElo "2017"]
[BlackElo "1850"]
[PlyCount "71"]
[EventDate "2004.09.18"]
[EventType "swiss"]
[EventRounds "9"]
[EventCountry "AUT"]
[SourceTitle "EXT 2005"]
[Source "ChessBase"]
[SourceDate "2004.11.15"]
[SourceVersion "1"]
[SourceVersionDate "2004.11.15"]
[SourceQuality "1"]

1. e4 c5 2. Nf3 Nc6 3. c3 e6 4. d4 d5 5. e5 Qb6 6. Bd3 Bd7 7. Bc2 Rc8 8. 0-0 Be7 9. a3 cxd4 10. cxd4 Na5 11. Ba4 Bb5 12. Nc3 a6 13. Bxb5+ axb5 14. Qd3 Rc4 15. Be3 Nb3 16. Nxd5 Qd8 17. Nxe7 Nxa1 18. Nxg8 Nc2 19. b3 Rc6 20. Qxb5 Qd7 21. Nf6+ gxf6 22. exf6 Rd6 23. Qxd7+ Rxd7 24. Rc1 Nxa3 25. Ne5 Rd8 26. Bh6 Nb5 27. Bg7 Rg8 28. Rc5 Rxd4 29. Rc8+ Rd8 30. Rxd8+ Kxd8 31. Nxf7+ Kc7 32. Nh6 Rd8 33. Kf1 Nc3 34. g3 Kd7 35. f7 Ke7 36. Bxc3 1-0

[Event "Seefeld op 15th"]
[Site "Seefeld"]
[Date "2004.09.19"]
[Round "2"]
[White "Schett, Franz"]
[Black "Thinius, Marco"]
[Result "0-1"]
[WhiteElo "2017"]
[BlackElo "2395"]
[PlyCount "47"]
[EventDate "2004.09.18"]
[EventType "swiss"]
[EventRounds "9"]
[EventCountry "AUT"]
[SourceTitle "EXT 2005"]
[Source "ChessBase"]
[SourceDate "2004.11.15"]
[SourceVersion "1"]
[SourceVersionDate "2004.11.15"]
[SourceQuality "1"]

1. e4 e5 2. Nc3 Nf6 3. d3 Bc5 4. Be2 0-0 5. Bf3 c6 6. Nge2 d5 7. Ng3 Be6 8. 0-0 Nbd7 9. Bd2 Re8 10. h4 Rb8 11. h5 h6 12. Nf5 Bxf5 13. exf5 b5 14. a3 e4 15. dxe4 dxe4 16. Be2 Qc7 17. Be3 Qe5 18. b4 Bxe3 19. fxe3 Qxc3 20. g4 Qxe3+ 21. Kh2 Ne5 22. Rb1 Rbd8 23. Rb3 Rxd1 24. Rxe3 0-1

[Event "Seefeld op 13th"]
[Site "Seefeld"]
[Date "2002.09.20"]
[Round "7"]
[White "Wallnoefer, Hannes"]
[Black "Schett, Franz"]
[Result "0-1"]
[WhiteElo "1789"]
[BlackElo "1656"]
[PlyCount "108"]
[EventDate "2002.09.14"]
[EventType "swiss"]
[EventRounds "9"]
[EventCountry "AUT"]
[SourceTitle "EXT 2007"]
[Source "ChessBase"]
[SourceDate "2006.11.23"]
[SourceVersion "1"]
[SourceVersionDate "2006.11.23"]
[SourceQuality "1"]

1. e4 c5 2. Nf3 Nc6 3. Bb5 a6 4. Bxc6 bxc6 5. 0-0 e6 6. d3 d6 7. b3 e5 8. Nbd2 Be7 9. h3 Nf6 10. Nc4 h6 11. Bd2 Rb8 12. Nh2 Nh7 13. f4 Be6 14. fxe5 Bxc4 15. bxc4 dxe5 16. Qh5 Qd4+ 17. Kh1 Nf6 18. Qf5 g6 19. Qf2 Qxf2 20. Rxf2 Nh5 21. g4 Bh4 22. Rf3 Ng7 23. Bc3 f6 24. Rff1 Ke7 25. Kg2 Ne6 26. Bd2 Rb2 27. Rfc1 Nd4 28. Nf3 Bg5 29. Nxg5 hxg5 30. Be3 Rxc2+ 31. Rxc2 Nxc2 32. Bxc5+ Ke6 33. Rc1 Nd4 34. Bxd4 exd4 35. Rb1 Ra8 36. Kf3 Kd6 37. Rb7 Rh8 38. Kg3 Rf8 39. Rg7 Kc5 40. Rxg6 Kb4 41. e5 fxe5 42. Rxc6 Kc3 43. Rc5 Re8 44. Kf2 Kxd3 45. Ke1 Ke3 46. Rd5 Ke4 47. Rc5 Ke3 48. Rd5 e4 49. c5 Rb8 50. Kd1 d3 51. Kc1 Ke2 52. c6 e3 53. a3 Rc8 54. Rd6 d2+ 0-1